00398cam a2200157ua 45000010005000000080039000050400009000440820013000531000024000662450046000902500009001362600035001453000016001806530019001966530025002153134110929n ii |||gr||||Z||||||asm cMAIN a891.45131 aMalik, Syed Abdul ,11aGathanit tezar karalcby Syed Abdul Malik a1st. aGuahati:bSahitya Prakash,988. a86p:c23cm. aAssamese novel aGathanit tezar karal